[Event "EuTChw"]
[Site "Leon ESP"]
[Date "2001.11.11"]
[EventDate "2001.11.06"]
[Round "6"]
[Result "1/2-1/2"]
[White "Monica Calzetta Ruiz"]
[Black "Antoaneta Stefanova"]
[WhiteElo "2303"]
[BlackElo "2473"]
[PlyCount "89"]

1. e4 e5 2. Nf3 Nc6 3. Bb5 a6 4. Ba4 Nf6 5. Qe2 b5 6. Bb3 Bc5
7. d3 O-O 8. Bg5 h6 9. Bh4 Be7 10. a4 Rb8 11. Nbd2 d6 12. axb5
axb5 13. c3 Nh5 14. Bg3 Bg4 15. Bd5 Rb6 16. Qe3 Bf6 17. O-O
Ne7 18. Bb3 c5 19. Ra7 c4 20. dxc4 bxc4 21. Bxc4 Rxb2 22. Rfa1
Nxg3 23. hxg3 Qc8 24. Qd3 Bxf3 25. Nxf3 Qc5 26. Qf1 Rc2
27. R7a5 Qc7 28. Qd3 Rb2 29. R1a2 Rxa2 30. Rxa2 Rc8 31. Ra4
Qc6 32. Qc2 d5 33. exd5 Nxd5 34. Qb3 Ne7 35. Bxf7+ Kh8 36. c4
e4 37. Nh4 Bd4 38. Ra2 g5 39. Qd1 Bg7 40. Rd2 Rf8 41. Rd6 Qc5
42. Rd5 Qb6 43. Rd6 Qc5 44. Rd5 Qb6 45. Rd6 1/2-1/2

[Event "EuTChw"]
[Site "Leon ESP"]
[Date "2001.11.14"]
[EventDate "2001.11.06"]
[Round "8"]
[Result "1/2-1/2"]
[White "Svetlana Agrest"]
[Black "Antoaneta Stefanova"]
[WhiteElo "2205"]
[BlackElo "2473"]
[PlyCount "139"]

1. e4 e5 2. Nf3 Nc6 3. Nc3 Nf6 4. Bb5 Nd4 5. Nxd4 exd4 6. e5
dxc3 7. exf6 Qxf6 8. dxc3 c6 9. Bd3 d5 10. O-O Bd6 11. Re1+
Be6 12. Qh5 h6 13. Bg5 Qxg5 14. Rxe6+ Be7 15. Qxg5 hxg5
16. Re2 Kf8 17. Rae1 Bf6 18. h3 g6 19. Re3 Kg7 20. Be2 b5
21. Bf3 a5 22. a3 Rhd8 23. Rd3 Re8 24. Rde3 Rxe3 25. Rxe3 Kf8
26. Kf1 Rc8 27. Rd3 Be5 28. g3 Ke7 29. Ke2 f5 30. Rd1 Kf6
31. Kd3 Bd6 32. Ke2 Re8+ 33. Kf1 Be5 34. Rd3 Rb8 35. Kg2 Ke6
36. Kf1 Rd8 37. Kg2 a4 38. Kf1 c5 39. Bd1 Rd6 40. Kg2 b4
41. cxb4 cxb4 42. c3 bxa3 43. bxa3 Ra6 44. Kf1 Bd6 45. Rd4 Rc6
46. Rxa4 Rxc3 47. Ra6 d4 48. a4 Kd5 49. Rb6 d3 50. Rb3 Kd4
51. Rxc3 Kxc3 52. a5 Bc5 53. a6 Kd2 54. Ba4 Kc1 55. Bb3 f4
56. gxf4 gxf4 57. f3 Kd2 58. Bd5 g5 59. Bc6 Kc1 60. Ba4 Kd2
61. Bc6 Ba7 62. Bd5 Kc2 63. Bc6 d2 64. Ba4+ Kd3 65. Bb3 Ke3
66. Bd1 Kd3 67. Bb3 Bb6 68. Ba4 Bd4 69. Bb3 Kc3 70. Bd1
1/2-1/2

[Event "EuTChw"]
[Site "Leon ESP"]
[Date "2001.11.15"]
[EventDate "2001.11.06"]
[Round "9"]
[Result "1/2-1/2"]
[White "Antoaneta Stefanova"]
[Black "Anna-Maria Botsari"]
[WhiteElo "2473"]
[BlackElo "2315"]
[PlyCount "171"]

1. Nf3 d5 2. g3 Nc6 3. d4 Bf5 4. Bg2 Nb4 5. Na3 e6 6. c3 Na6
7. Qb3 Qc8 8. Nh4 Bg6 9. Nxg6 hxg6 10. e4 c6 11. exd5 cxd5
12. O-O Nf6 13. c4 Nb4 14. Bd2 a5 15. Qa4+ Nc6 16. cxd5 exd5
17. Nb5 Be7 18. Bf4 Kf8 19. Nc7 g5 20. Be5 Nxe5 21. Nxa8 Nc6
22. Nb6 Qf5 23. Qd1 g4 24. Re1 Bd8 25. Na4 Qh7 26. Nc3 Qxh2+
27. Kf1 Rh5 28. Qb3 Rf5 29. Re3 Nxd4 30. Qxb7 Nc2 31. Rd3 Nxa1
32. Qc8 g6 33. Qxd8+ Kg7 34. Nxd5 Nxd5 35. Rxd5 Qh6 36. Qc8
Rxd5 37. Qc3+ Kh7 38. Bxd5 Qg5 39. Be4 Qb5+ 40. Kg2 Qe2
41. Bd3 Qf3+ 42. Kg1 Qd1+ 43. Kh2 Kg8 44. Bc4 Qc2 45. Qd4 Qf5
46. Bd3 Qf3 47. Be4 Qe2 48. Bd5 Qb5 49. Bc4 Qf5 50. Bd3 Qf3
51. b3 Qd1 52. Qc3 Kh7 53. Bc4 Nc2 54. Qf6 Ne1 55. Qxf7+ Kh6
56. Bd5 Qe2 57. Qf4+ Kg7 58. Qd4+ Kh7 59. Qa7+ Kh8 60. Qe3
Nf3+ 61. Bxf3 gxf3 62. Qh6+ Kg8 63. Qxg6+ Kf8 64. Qh6+ Kf7
65. Qe3 Kg6 66. g4 Qxa2 67. Qxf3 Qd2 68. Qf5+ Kg7 69. Kg2 Qb4
70. Qd7+ Kf6 71. Qf5+ Kg7 72. Qe5+ Kf7 73. Qd5+ Kf6 74. Kg3
Qe1 75. Qd4+ Kg6 76. Kf4 Qc1+ 77. Qe3 Qc7+ 78. Kf3 Qf7+
79. Kg3 Qd5 80. f4 Kf7 81. f5 Qd6+ 82. Kg2 Qc6+ 83. Kg3 Qc7+
84. Kh3 Qb7 85. g5 Qh1+ 86. Kg3 1/2-1/2

[Event "FIDE WCh Women KO"]
[Site "Moscow RUS"]
[Date "2001.11.27"]
[EventDate "2001.11.27"]
[Round "1.1"]
[Result "1-0"]
[White "Antoaneta Stefanova"]
[Black "Pallavi G Shah"]
[WhiteElo "2473"]
[BlackElo "2172"]
[PlyCount "55"]

1. e4 c5 2. Nc3 Nc6 3. Bb5 d6 4. Bxc6+ bxc6 5. d3 g6 6. Be3
Bg7 7. Qd2 e5 8. Nge2 Ne7 9. Bh6 O-O 10. h4 f5 11. h5 f4
12. Bxg7 Kxg7 13. hxg6 Nxg6 14. g3 Kh8 15. O-O-O Qe7 16. Rh6
Be6 17. Rdh1 Rf6 18. f3 Raf8 19. Nd1 Qg7 20. g4 Ne7 21. R6h5
Rg6 22. Qe1 Rg5 23. Rxh7+ Qxh7 24. Rxh7+ Kxh7 25. Qh4+ Kg6
26. Nf2 Rg8 27. Nh3 Kf6 28. Neg1 1-0

[Event "FIDE WCh Women KO"]
[Site "Moscow RUS"]
[Date "2001.11.28"]
[EventDate "2001.11.28"]
[Round "1.2"]
[Result "1/2-1/2"]
[White "Pallavi G Shah"]
[Black "Antoaneta Stefanova"]
[WhiteElo "2172"]
[BlackElo "2473"]
[PlyCount "44"]

1. e4 e5 2. Bc4 Nf6 3. d3 c6 4. Nf3 Be7 5. Nc3 d6 6. h3 Nbd7
7. O-O b5 8. Bb3 Nc5 9. Ne2 O-O 10. c3 Nxb3 11. axb3 Re8
12. Be3 a5 13. b4 Bd7 14. bxa5 Rxa5 15. Nd2 Rxa1 16. Qxa1 d5
17. Qa7 Be6 18. Ng3 h6 19. Ra1 b4 20. Bb6 Qd7 21. Nf3 bxc3
22. bxc3 Qd6 1/2-1/2

[Event "Corus"]
[Site "Wijk aan Zee NED"]
[Date "2002.01.15"]
[EventDate "2002.01.15"]
[Round "1"]
[Result "1/2-1/2"]
[White "Almira Skripchenko"]
[Black "Antoaneta Stefanova"]
[WhiteElo "2498"]
[BlackElo "2451"]
[PlyCount "44"]

1. e4 e5 2. Nf3 Nc6 3. Bb5 a6 4. Bxc6 dxc6 5. O-O f6 6. d4
exd4 7. Nxd4 c5 8. Ne2 Qxd1 9. Rxd1 Bd7 10. Nbc3 O-O-O 11. Be3
Re8 12. Rd2 Bd6 13. Bf4 Bxf4 14. Nxf4 Nh6 15. Rad1 Bc6 16. Nh5
Rhg8 17. Ng3 Nf7 18. f3 Nd6 19. b3 b6 20. Kf2 a5 21. Nd5 Bxd5
22. Rxd5 c4 1/2-1/2

[Event "Corus"]
[Site "Wijk aan Zee NED"]
[Date "2002.01.16"]
[EventDate "2002.01.15"]
[Round "2"]
[Result "1-0"]
[White "Antoaneta Stefanova"]
[Black "Yu Shaoteng"]
[WhiteElo "2451"]
[BlackElo "2522"]
[PlyCount "109"]

1. d4 e6 2. Nf3 Nf6 3. g3 d5 4. Bg2 Be7 5. O-O O-O 6. c4 dxc4
7. Qc2 a6 8. Qxc4 b5 9. Qc2 Bb7 10. Bd2 Be4 11. Qc1 Bb7
12. Qc2 Be4 13. Qc1 Nbd7 14. Ba5 Rc8 15. Nbd2 Ba8 16. Nb3 Qe8
17. Nc5 Nxc5 18. dxc5 Nd7 19. Bb4 a5 20. Bxa5 Bxc5 21. Rd1 Bb6
22. Bxb6 Nxb6 23. Qc5 Na4 24. Qc2 Qc6 25. Qd2 Qa6 26. b3 Nc5
27. Qc2 Ne4 28. Ne5 Nd6 29. Nc6 Bxc6 30. Bxc6 Rfd8 31. e4 Qb6
32. a4 bxa4 33. bxa4 Qa5 34. Rdc1 Rb8 35. Qc3 Qa6 36. a5 h6
37. Qe1 Rb2 38. Qf1 Qa7 39. a6 Ne8 40. Rd1 Rxd1 41. Rxd1 Nd6
42. e5 Nf5 43. Rd8+ Kh7 44. Be8 Nd4 45. Bxf7 Ne2+ 46. Kg2 Qxa6
47. Qd1 Qc6+ 48. Kh3 g6 49. Be8 Ng1+ 50. Qxg1 Qe4 51. Qd1 h5
52. Qd3 Qxd3 53. Rxd3 Rxf2 54. Rd7+ Kh6 55. Re7 1-0

[Event "Corus"]
[Site "Wijk aan Zee NED"]
[Date "2002.01.17"]
[EventDate "2002.01.15"]
[Round "3"]
[Result "1/2-1/2"]
[White "Zhaoqin Peng"]
[Black "Antoaneta Stefanova"]
[WhiteElo "2460"]
[BlackElo "2451"]
[PlyCount "95"]

1. c4 c6 2. e4 d5 3. exd5 cxd5 4. d4 Nf6 5. Nc3 Nc6 6. Nf3 Bg4
7. cxd5 Nxd5 8. Qb3 Bxf3 9. gxf3 e6 10. Qxb7 Ndb4 11. Bb5 Rc8
12. Be3 Be7 13. d5 exd5 14. Nxd5 O-O 15. Bxc6 Nxc6 16. Nxe7+
Nxe7 17. Rd1 Qa5+ 18. b4 Qe5 19. O-O Nf5 20. Qd5 Qf6 21. Bc5
Nh4 22. Kh1 Rfd8 23. Qe4 Re8 24. Qg4 Nxf3 25. Rd6 Qc3 26. Be3
Ne5 27. Qd4 Qa3 28. Rd1 h5 29. Rg1 Qxa2 30. Bh6 g6 31. f4 Rc2
32. Rdxg6+ fxg6 33. Rxg6+ Kh7 34. fxe5 Kxg6 35. Qe4+ Kxh6
36. Qf4+ Kg7 37. Qf6+ Kh7 38. Qf5+ Kg7 39. Qf6+ Kg8 40. Qg6+
Kf8 41. Qh6+ Ke7 42. Qd6+ Kf7 43. Qf6+ Kg8 44. Qg6+ Kf8
45. Qh6+ Kf7 46. Qf6+ Kg8 47. Qg6+ Kf8 48. Qh6+ 1/2-1/2

[Event "Corus"]
[Site "Wijk aan Zee NED"]
[Date "2002.01.20"]
[EventDate "2002.01.15"]
[Round "5"]
[Result "1/2-1/2"]
[White "Antoaneta Stefanova"]
[Black "Ivan Sokolov"]
[WhiteElo "2451"]
[BlackElo "2659"]
[PlyCount "221"]

1. d4 d5 2. Nf3 Nf6 3. c4 c6 4. cxd5 cxd5 5. Nc3 Nc6 6. Bf4
Qb6 7. Qb3 Qxb3 8. axb3 e6 9. e3 Bd7 10. h3 Bb4 11. Nd2 O-O
12. Bd3 Rfc8 13. Ke2 Na5 14. Rhc1 a6 15. Rc2 Bc6 16. f3 Nd7
17. g4 h6 18. h4 Re8 19. Bc7 b6 20. Kf2 Bb7 21. h5 Rac8
22. Bg3 Nb8 23. Rg1 Nbc6 24. f4 Be7 25. Rcc1 Nb4 26. Bb1 Bc6
27. g5 hxg5 28. fxg5 Bd7 29. g6 f6 30. Rh1 Bf8 31. h6 e5
32. dxe5 fxe5 33. Nf3 gxh6 34. Bxe5 Bg7 35. Bd6 Nac6 36. Rh4
a5 37. Bf4 d4 38. exd4 Nxd4 39. Nxd4 Bxd4+ 40. Kg3 Nc6
41. Rxh6 Bg7 42. Rh7 Nd4 43. Rd1 Nf5+ 44. Kf2 Be6 45. Nd5 Rcd8
46. Bxf5 Bxd5 47. Bc7 Rf8 48. Bxd8 Rxf5+ 49. Kg1 Bxb2 50. Bxb6
Rg5+ 51. Kf1 Rxg6 52. Ra7 Rf6+ 53. Bf2 Rf5 54. Rd3 Ba3 55. Rd7
Bc6 56. Rd8+ Kf7 57. Rc3 Bd5 58. Rd7+ Ke6 59. Rh7 Bb4 60. Re3+
Kf6 61. Rc7 Bd6 62. Rc2 Bb7 63. Ke1 Rd5 64. Bh4+ Kf5 65. Bg3
Bb4+ 66. Kf1 Rd1+ 67. Ke2 Rb1 68. Re5+ Kf6 69. Rb5 Be4 70. Rc4
Rb2+ 71. Ke3 Rxb3+ 72. Kxe4 Rxg3 73. Rc6+ Kg7 74. Rb7+ Kh8
75. Rc8+ Rg8 76. Rcc7 Re8+ 77. Kf5 Bf8 78. Ra7 Kg8 79. Rxa5
Re1 80. Ra8 Rf1+ 81. Ke4 Re1+ 82. Kf3 Rf1+ 83. Kg2 Rf7
84. Rxf7 Kxf7 85. Kf3 Bd6 86. Ke4 Ke6 87. Ra6 Ke7 88. Kd5 Bg3
89. Rg6 Bf4 90. Re6+ Kf7 91. Ra6 Ke7 92. Ra7+ Kf6 93. Ra4 Kf5
94. Ra8 Bc7 95. Rf8+ Kg4 96. Ke4 Kg3 97. Rc8 Bd6 98. Rc2 Bb8
99. Rb2 Bd6 100. Kd5 Bc7 101. Rb7 Bf4 102. Ke4 Bd6 103. Kd5
Bf4 104. Rb3+ Kg2 105. Ke4 Bc7 106. Rc3 Bb6 107. Kf4 Ba7
108. Rc2+ Kh1 109. Kg3 Bb8+ 110. Kh3 Ba7 111. Rc1+ 1/2-1/2

[Event "Corus"]
[Site "Wijk aan Zee NED"]
[Date "2002.01.21"]
[EventDate "2002.01.15"]
[Round "6"]
[Result "1-0"]
[White "Michal Krasenkow"]
[Black "Antoaneta Stefanova"]
[WhiteElo "2570"]
[BlackElo "2451"]
[PlyCount "99"]

1. d4 d5 2. c4 c6 3. Nc3 Nf6 4. e3 a6 5. a4 e6 6. Nf3 Nbd7
7. Bd3 Bb4 8. O-O O-O 9. Qc2 a5 10. e4 dxe4 11. Nxe4 Nxe4
12. Bxe4 Nf6 13. Bg5 h6 14. Bxf6 gxf6 15. c5 f5 16. Bd3 b6
17. Rfd1 bxc5 18. dxc5 Qe7 19. Ne5 Qxc5 20. Qe2 Qb6 21. Bc4
Be7 22. g4 f4 23. Qe4 Kg7 24. Bd3 Rh8 25. Rac1 Ra7 26. Rxc6
Qb4 27. Rc4 Qb7 28. Nc6 Bf6 29. Nxa7 Qxa7 30. Qxf4 e5 31. Qf3
Be6 32. Rc6 Qb7 33. Bb5 Qe7 34. Bc4 Bc8 35. Rdd6 Bg5 36. Bd5
Rf8 37. Be4 Bd7 38. Rb6 Bf4 39. h3 Bxa4 40. Qc3 Be8 41. Qxa5
h5 42. Qa3 Qg5 43. Rb7 Kg8 44. Qf3 f5 45. Bd5+ Kh8 46. h4
Qxg4+ 47. Qxg4 fxg4 48. Rd8 g3 49. Bc6 gxf2+ 50. Kf1 1-0

[Event "Corus"]
[Site "Wijk aan Zee NED"]
[Date "2002.01.24"]
[EventDate "2002.01.15"]
[Round "8"]
[Result "1/2-1/2"]
[White "Friso Nijboer"]
[Black "Antoaneta Stefanova"]
[WhiteElo "2574"]
[BlackElo "2451"]
[PlyCount "61"]

1. e4 e5 2. Nf3 Nc6 3. Bb5 a6 4. Ba4 Nf6 5. O-O Bc5 6. c3 b5
7. Bb3 d6 8. a4 Bg4 9. h3 Bh5 10. d3 O-O 11. Bg5 Na5 12. Bc2
b4 13. g4 Bg6 14. Nbd2 h6 15. Bh4 Re8 16. Nb3 Nxb3 17. Bxb3
bxc3 18. bxc3 a5 19. Bg3 Bh7 20. Nh4 d5 21. Nf3 Bd6 22. d4
Nxe4 23. Bxd5 exd4 24. Bxd6 Qxd6 25. Bxa8 Nxc3 26. Qd2 Rxa8
27. Rac1 Rd8 28. Rfe1 Ne4 29. Qxa5 c5 30. Nd2 Nxf2 31. Kxf2
1/2-1/2

[Event "Corus"]
[Site "Wijk aan Zee NED"]
[Date "2002.01.26"]
[EventDate "2002.01.15"]
[Round "10"]
[Result "1/2-1/2"]
[White "John van der Wiel"]
[Black "Antoaneta Stefanova"]
[WhiteElo "2501"]
[BlackElo "2451"]
[PlyCount "101"]

1. e4 e5 2. Nf3 Nc6 3. d4 exd4 4. Nxd4 Bc5 5. Nb3 Bb6 6. a4 a6
7. Nc3 d6 8. Nd5 Ba7 9. Be3 Bxe3 10. Nxe3 Nf6 11. Bd3 Ne5
12. O-O O-O 13. c4 Nfg4 14. Nxg4 Bxg4 15. Be2 Bxe2 16. Qxe2
Nc6 17. Qd2 Qf6 18. Rfd1 Qg6 19. Re1 Ne5 20. Qe2 f5 21. Nd4
fxe4 22. Qxe4 Qf7 23. Qd5 Nxc4 24. Ne6 Qxf2+ 25. Kh1 Ne3
26. Qg5 Nf5 27. Nxf8 Rxf8 28. Qc1 c6 29. Rf1 Qh4 30. Ra3 d5
31. Raf3 g6 32. b3 Re8 33. Qd2 Qe7 34. h3 h5 35. Qf4 h4
36. Qg4 Qg7 37. Rb1 Re4 38. Qg5 Kh7 39. Rxf5 gxf5 40. Qxf5+
Qg6 41. Qd7+ Kh6 42. Qxb7 Re2 43. Rg1 d4 44. Qxa6 Qe4 45. Qc8
d3 46. Qf8+ Kg5 47. Qg8+ Kh6 48. Rf1 Re1 49. Qh8+ Kg6 50. Qg8+
Kh6 51. Qh8+ 1/2-1/2

[Event "Corus"]
[Site "Wijk aan Zee NED"]
[Date "2002.01.27"]
[EventDate "2002.01.15"]
[Round "11"]
[Result "1/2-1/2"]
[White "Antoaneta Stefanova"]
[Black "Jan Werle"]
[WhiteElo "2451"]
[BlackElo "2481"]
[PlyCount "65"]

1. Nf3 Nf6 2. c4 e6 3. g3 b6 4. Bg2 Bb7 5. O-O Be7 6. Nc3 O-O
7. Re1 d5 8. cxd5 exd5 9. d4 Na6 10. Bf4 c5 11. dxc5 Nxc5
12. Rc1 Nfe4 13. Nb5 Bf6 14. b4 Ne6 15. Be3 a5 16. a3 axb4
17. axb4 Ra2 18. Nfd4 Nxd4 19. Nxd4 Rb2 20. b5 Qd7 21. Qd3 Nc5
22. Qf5 Bxd4 23. Qxd7 Nxd7 24. Bxd4 Rxb5 25. Rc7 Nc5 26. Rd1
Rd8 27. e3 Rd7 28. Rxd7 Nxd7 29. Bf1 Rb3 30. Rc1 Nc5 31. Bxc5
bxc5 32. Rxc5 Rb1 33. Ra5 1/2-1/2

[Event "Saraybahce GP"]
[Site "Kocaeli TUR"]
[Date "2002.08.18"]
[EventDate "2002.08.17"]
[Round "2"]
[Result "0-1"]
[White "Turkan Mamedjarova"]
[Black "Antoaneta Stefanova"]
[WhiteElo "2134"]
[BlackElo "2497"]
[PlyCount "130"]

1. Nf3 d5 2. g3 Nf6 3. Bg2 c6 4. O-O Bg4 5. d3 Nbd7 6. Nbd2 e5
7. e4 Bd6 8. Re1 O-O 9. Nf1 Re8 10. Ne3 Bh5 11. Nf5 Bf8 12. h3
Qc7 13. g4 Bg6 14. N3h4 dxe4 15. dxe4 Nc5 16. Bg5 Nfd7 17. Qd2
f6 18. Be3 Bf7 19. g5 Ne6 20. gxf6 Nxf6 21. Bf3 Rad8 22. Qc3
Nf4 23. Kh2 Ne6 24. Rg1 Kh8 25. Rg3 Nh5 26. Bxh5 Bxh5 27. Rag1
Rd7 28. Nf3 Bxf3 29. Rxf3 Nd4 30. Rfg3 Ne2 31. Qb3 Nxg3
32. Rxg3 c5 33. Qc4 Qc6 34. a4 a6 35. Nh6 Qe6 36. Qxe6 Rxe6
37. Nf5 Rb6 38. b3 Rb4 39. Rf3 Rf7 40. Kg2 g6 41. Nh4 Kg8
42. Rxf7 Kxf7 43. Nf3 Kf6 44. Nd2 Rb6 45. Nc4 Re6 46. a5 Re8
47. Nb6 Ke6 48. c4 Be7 49. Nd5 Rc8 50. Bd2 Bd8 51. Kf3 Rb8
52. Ke2 b6 53. axb6 Bxb6 54. Kd3 Bd8 55. Kc2 Rb7 56. Be3 Kd6
57. Nc3 Kc6 58. Ne2 Rf7 59. Kd3 Bh4 60. f4 exf4 61. Nxf4 Bg5
62. Ne6 Rd7+ 63. Ke2 Bxe3 64. Kxe3 Kd6 65. Nf4 Rb7 0-1

[Event "Saraybahce GP"]
[Site "Kocaeli TUR"]
[Date "2002.08.19"]
[EventDate "2002.08.17"]
[Round "3"]
[Result "1-0"]
[White "Antoaneta Stefanova"]
[Black "Meihriban Shukurova"]
[WhiteElo "2497"]
[BlackElo "2238"]
[PlyCount "63"]

1. d4 Nf6 2. Bg5 e6 3. Nd2 h6 4. Bh4 d5 5. e3 Be7 6. Bd3 O-O
7. f4 c5 8. c3 Nc6 9. Nh3 Rb8 10. O-O b5 11. a3 a5 12. Nf2 b4
13. axb4 cxd4 14. exd4 axb4 15. Bxf6 Bxf6 16. Qh5 bxc3
17. bxc3 Rb2 18. Nf3 Be7 19. Ng4 f5 20. Qg6 Kh8 21. Ra8 Bf6
22. Nxf6 Rxf6 23. Qh5 Rf8 24. Ng5 Qf6 25. Ba6 Nb8 26. Bxc8
Rxc8 27. Ra7 Rf8 28. Re1 Rb6 29. Nf7+ Kg8 30. Ne5 Rb3 31. Rc7
Rb2 32. Ra1 1-0

[Event "Saraybahce GP"]
[Site "Kocaeli TUR"]
[Date "2002.08.20"]
[EventDate "2002.08.17"]
[Round "4"]
[Result "1/2-1/2"]
[White "Jaan Ehlvest"]
[Black "Antoaneta Stefanova"]
[WhiteElo "2600"]
[BlackElo "2497"]
[PlyCount "206"]

1. c4 c6 2. e4 d5 3. exd5 cxd5 4. d4 Nf6 5. Nc3 e6 6. Nf3 Be7
7. cxd5 exd5 8. Ne5 O-O 9. Bd3 Nc6 10. O-O Nb4 11. Bb1 Be6
12. Re1 Rc8 13. Bg5 Re8 14. a3 Nc6 15. Qd3 g6 16. Ba2 Nd7
17. Bxe7 Nxe7 18. Nf3 Nf6 19. Qd2 Kg7 20. h3 h6 21. Re2 Nf5
22. Ne5 Nd6 23. Rae1 Nde4 24. Nxe4 Nxe4 25. Qb4 Qb6 26. Qxb6
axb6 27. Nd3 g5 28. Nb4 Red8 29. Bb3 Nf6 30. Rc2 Rxc2 31. Bxc2
Kf8 32. f4 gxf4 33. Rf1 Nh5 34. Bd1 Ng3 35. Rxf4 Rc8 36. Bf3
Rc1+ 37. Kf2 Nh1+ 38. Ke3 Rb1 39. g4 Ng3 40. Bxd5 Bxd5
41. Nxd5 Rxb2 42. Rf6 Rb3+ 43. Kf4 Ne2+ 44. Ke5 Rxh3 45. Rxb6
Rxa3 46. Rxb7 Rg3 47. Rb2 Nxd4 48. Kxd4 Rxg4+ 49. Ke5 Rg5+
50. Ke4 Kg7 51. Ne3 h5 52. Rb6 f6 53. Rd6 Re5+ 54. Kf4 Kg6
55. Rd8 Ra5 56. Rd4 Ra1 57. Nd5 Rf1+ 58. Kg3 Rg1+ 59. Kf2 Ra1
60. Ne7+ Kf7 61. Nf5 Kg6 62. Ng3 Ra2+ 63. Kf3 Ra5 64. Rd6 Rb5
65. Ra6 Rc5 66. Ne2 Rb5 67. Nd4 Rb1 68. Ra5 Rf1+ 69. Ke3 Rg1
70. Ne2 Rg5 71. Nf4+ Kh6 72. Ra7 Rb5 73. Rf7 Kg5 74. Rg7+ Kh4
75. Rg6 Rg5 76. Rxf6 Kg4 77. Nd3 Rg8 78. Nf2+ Kg3 79. Ne4+ Kg2
80. Rh6 Ra8 81. Rxh5 Ra3+ 82. Kf4 Ra4 83. Rg5+ Kf1 84. Rg3 Ke2
85. Re3+ Kd1 86. Rc3 Ke2 87. Re3+ Kd1 88. Kf3 Ra8 89. Rc3 Rh8
90. Rc6 Rh3+ 91. Kf4 Rh4+ 92. Ke3 Rh3+ 93. Kd4 Rh4 94. Rc3 Rh8
95. Rd3+ Kc2 96. Rd2+ Kb3 97. Nc5+ Kb4 98. Rb2+ Ka5 99. Ne4
Ka6 100. Kd5 Rh5+ 101. Kc6 Rh6+ 102. Kc5 Rh5+ 103. Kc6 Rh6+
1/2-1/2

[Event "Saraybahce GP"]
[Site "Kocaeli TUR"]
[Date "2002.08.22"]
[EventDate "2002.08.17"]
[Round "6"]
[Result "0-1"]
[White "Davit Shengelia"]
[Black "Antoaneta Stefanova"]
[WhiteElo "2421"]
[BlackElo "2497"]
[PlyCount "106"]

1. c4 c6 2. e4 d5 3. exd5 cxd5 4. d4 Nf6 5. Nc3 e6 6. Nf3 Be7
7. cxd5 Nxd5 8. Bc4 Nxc3 9. bxc3 Qc7 10. Qe2 O-O 11. O-O b6
12. Bd3 Bb7 13. Bd2 Nd7 14. Rfe1 Rfe8 15. Rac1 Bf6 16. Ne5
Nxe5 17. dxe5 Be7 18. Qg4 Red8 19. Re3 g6 20. Qf4 Rd5 21. c4
Rd7 22. Rh3 Bf8 23. Qh4 h5 24. Bg5 Qxe5 25. Bf6 Qc5 26. Rg3
Bg7 27. h3 Bxf6 28. Qxf6 Qd4 29. Qg5 h4 30. Re3 Rc8 31. Bxg6
fxg6 32. Rxe6 Rf8 33. Rxg6+ Rg7 34. Rxg7+ Qxg7 35. Qxg7+ Kxg7
36. Rd1 Kf6 37. Rd6+ Ke5 38. Rd7 Bc6 39. Rxa7 Rg8 40. g3 hxg3
41. fxg3 Rxg3+ 42. Kf2 Rf3+ 43. Ke2 Kd4 44. h4 Rh3 45. a4 Kxc4
46. a5 b5 47. Rh7 Ra3 48. h5 Rxa5 49. h6 Ra3 50. Rc7 Kc5
51. Rc8 Rh3 52. Rh8 Kb4 53. Kd2 Be4 0-1

[Event "Saraybahce GP"]
[Site "Kocaeli TUR"]
[Date "2002.08.23"]
[EventDate "2002.08.17"]
[Round "7"]
[Result "1-0"]
[White "Antoaneta Stefanova"]
[Black "Milen Vasilev"]
[WhiteElo "2497"]
[BlackElo "2449"]
[PlyCount "101"]

1. d4 Nf6 2. Bg5 e6 3. Nd2 d5 4. e3 Be7 5. Bd3 c5 6. c3 Nbd7
7. f4 h6 8. Bh4 Qc7 9. Nh3 b6 10. O-O Bb7 11. a4 O-O-O 12. a5
c4 13. axb6 Qxb6 14. Be2 Qxb2 15. Rxa7 Kc7 16. f5 e5 17. Qb1
Qb6 18. Qxb6+ Kxb6 19. Ra2 Ra8 20. Rb2+ Kc7 21. Bg3 Bd6 22. e4
Rhe8 23. exd5 exd4 24. Bxd6+ Kxd6 25. Nxc4+ Kxd5 26. Nf4+ Kc6
27. Bf3+ Kc5 28. Rxb7 Kxc4 29. Rc7+ Kb3 30. Bxa8 Rxa8 31. cxd4
Ra4 32. Ne2 Kb2 33. Rfc1 Rb4 34. R1c2+ Kb3 35. h3 h5 36. Nc1+
Ka4 37. R7c4 Rxc4 38. Rxc4+ Kb5 39. Rc2 Nd5 40. Kf2 N7f6
41. Kf3 h4 42. Nd3 Ne7 43. Rc5+ Kb6 44. Ne5 g6 45. Nc4+ Kb7
46. Nd6+ Kb8 47. Kf4 Nfd5+ 48. Ke5 Ne3 49. f6 N7f5 50. Nxf5
Nxf5 51. Kd5 1-0

[Event "Saraybahce GP"]
[Site "Kocaeli TUR"]
[Date "2002.08.24"]
[EventDate "2002.08.17"]
[Round "8"]
[Result "1/2-1/2"]
[White "Mikhail Gurevich"]
[Black "Antoaneta Stefanova"]
[WhiteElo "2649"]
[BlackElo "2497"]
[PlyCount "46"]

1. c4 c6 2. Nf3 d5 3. e3 Nf6 4. d4 Bf5 5. Nc3 e6 6. Nh4 Be4
7. f3 Bg6 8. Qb3 Qb6 9. Nxg6 hxg6 10. Kf2 Nbd7 11. g3 g5
12. cxd5 exd5 13. Be2 Be7 14. Kg2 Nf8 15. e4 Qxb3 16. axb3 Ne6
17. Be3 a6 18. Rac1 Rd8 19. Rcd1 g6 20. Bf2 Bb4 21. Na2 Be7
22. Nc3 Bb4 23. Na2 Be7 1/2-1/2

[Event "7th European Club Cup (Women)"]
[Site "Antalya"]
[Date "2002.09.29"]
[EventDate "?"]
[Round "7"]
[Result "0-1"]
[White "Antoaneta Stefanova"]
[Black "Olga Zimina"]
[WhiteElo "2497"]
[BlackElo "2372"]
[PlyCount "112"]

1.Nf3 d5 2.g3 Bg4 3.Bg2 Nd7 4.O-O c6 5.d3 e6 6.Qe1 Bd6 7.e4
Ne7 8.b3 O-O 9.Bb2 Bh5 10.Nbd2 Re8 11.e5 Bc7 12.h3 Qb8 13.d4
Bg6 14.Qd1 c5 15.c3 Nc6 16.Nh4 Bd3 17.Re1 cxd4 18.cxd4 h6
19.a3 a5 20.Qf3 Bh7 21.Bf1 Bb6 22.Bb5 Rc8 23.Qg4 Rc7 24.Rac1
Qf8 25.Nf1 Rac8 26.Qd1 Qe7 27.Ne3 Nf8 28.Bd3 Na7 29.Bxh7+ Nxh7
30.Nhf5 Qd7 31.Nd6 Rxc1 32.Bxc1 Rb8 33.Qg4 h5 34.Qxh5 Bxd4
35.Ng4 Nc6 36.Rd1 Bxe5 37.Nxe5 Nxe5 38.Qxe5 f6 39.Qf4 Ng5
40.Kg2 e5 41.Qg4 Qxd6 42.Bxg5 fxg5 43.Qxg5 d4 44.Qg4 Qd5+
45.Kg1 Qxb3 46.Rc1 Qf7 47.Rc8+ Rxc8 48.Qxc8+ Kh7 49.Qd8 a4
50.Qh4+ Kg6 51.g4 Qf4 52.Qh5+ Kf6 53.Qe8 Qc1+ 54.Kg2 Qc6+
55.Qxc6+ bxc6 56.Kf3 g5 0-1

[Event "Olympiad, women"]
[Site "Bled SLO"]
[Date "2002.10.29"]
[EventDate "2002.10.26"]
[Round "4"]
[Result "1-0"]
[White "Antoaneta Stefanova"]
[Black "Irina Berezina"]
[WhiteElo "2541"]
[BlackElo "2264"]
[PlyCount "81"]

1. d4 Nf6 2. Bg5 c5 3. d5 Qa5+ 4. Bd2 Qc7 5. Nc3 d6 6. e4 g6
7. Qc1 Bg7 8. Bh6 O-O 9. Be2 e6 10. Nf3 exd5 11. exd5 Re8
12. O-O a6 13. a4 Bg4 14. h3 Bxf3 15. Bxf3 Nbd7 16. g3 Ne5
17. Bg2 Rab8 18. Bxg7 Kxg7 19. a5 Re7 20. Ra4 b5 21. axb6 Qxb6
22. b3 c4 23. b4 Ne8 24. Qa1 Nc7 25. Ne2 Kg8 26. Nd4 Rbe8
27. Kh1 Nd7 28. Ra5 Nb8 29. c3 Nd7 30. Qa2 Ne5 31. f4 Nd3
32. Qxc4 Ne1 33. Ra2 Nb5 34. Qc6 Qxc6 35. dxc6 Re3 36. Rxa6
Nxc3 37. c7 Nxg2 38. Kxg2 Nd5 39. Rc1 Rc8 40. Nb5 Re6 41. Rac6
1-0

[Event "Olympiad, women"]
[Site "Bled SLO"]
[Date "2002.10.30"]
[EventDate "2002.10.26"]
[Round "5"]
[Result "1/2-1/2"]
[White "Cristina-Adela Foisor"]
[Black "Antoaneta Stefanova"]
[WhiteElo "2408"]
[BlackElo "2541"]
[PlyCount "21"]

1. Nf3 d5 2. g3 c6 3. Bg2 Bg4 4. d3 Nd7 5. Nbd2 e6 6. b3 a5
7. a3 Be7 8. Bb2 Bf6 9. Qc1 Bxb2 10. Qxb2 Qf6 11. Qxf6 1/2-1/2

[Event "Olympiad, women"]
[Site "Bled SLO"]
[Date "2002.10.31"]
[EventDate "2002.10.26"]
[Round "6"]
[Result "1/2-1/2"]
[White "Antoaneta Stefanova"]
[Black "Angela Borsuk"]
[WhiteElo "2541"]
[BlackElo "2255"]
[PlyCount "60"]

1. d4 d6 2. e4 Nf6 3. Nc3 g6 4. Be3 a6 5. h3 Bg7 6. Nf3 O-O
7. Bd3 Nbd7 8. e5 Ne8 9. Bc4 Nb6 10. Bb3 d5 11. a4 a5 12. Qd2
c6 13. Bh6 Nc4 14. Bxc4 dxc4 15. O-O-O b5 16. h4 b4 17. Nb1 f6
18. Bxg7 Nxg7 19. d5 Qxd5 20. Qxd5+ cxd5 21. Rxd5 Bb7 22. Rd7
Bxf3 23. gxf3 fxe5 24. Nd2 c3 25. bxc3 bxc3 26. Ne4 Rxf3
27. Rxe7 Rf4 28. Rxe5 Re8 29. Rxe8+ Nxe8 30. Nxc3 Rxf2 1/2-1/2